| 000 | 00000nam##2200000za#4500 |
| 001 | 9.608178 |
| 003 | CaOODSP |
| 005 | 20210624213509 |
| 007 | cr ||||||||||| |
| 008 | 150406|2014||||xxc|||||o f|0| 0 fre|d |
| 022 | |a1919-5117 |
| 040 | |aCaOODSP|bfre |
| 043 | |an-cn--- |
| 086 | 1 |aFs70-6/2014-025F-PDF |
| 110 | 1 |aCanada. |bMinistère des pêches et des océans. |
| 245 | 10|aÉvaluation des critères relatifs aux zones d'importance écologique et biologique (ZIEB) et aux espèces d'importance écologique (EIE) en eau douce |h[ressource électronique] |
| 260 | |aWinnipeg - Manitoba : |bPêches et Océans Canada |cNovembre 2014. |
| 300 | |a9p.|bfigure, références |
| 490 | 1 |aSecrétariat canadien de consultation scientifique, avis scientifique |x1919-5117|v2014/025, Région du Centre et de l'Arctique |
| 590 | |a15-01|b2015-01-02 |
| 775 | 08|tAssessment of freshwater ecologically and biologically significant areas (EBSA) and ecologically significant species (ESS) criteria |w(CaOODSP)9.581371 |
| 830 | #0|aAvis scientifique (Secrétariat canadien de consultation scientifique)|x1919-5117|v2014/025, Région du Centre et de l'Arctique|w(CaOODSP)9.502624 |
| 856 | 40|ahttp://publications.gc.ca|qPDF|s265 Ko|uhttps://publications.gc.ca/collections/collection_2014/mpo-dfo/Fs70-6-2014-025-fra.pdf|y2014/025, Région du Centre et de l'Arctique |